The Court of Appeal Crimnal Appeal No.56 of 1997 Kayanda James Vs and Uganda . (Record no. 3015)
[ view plain ]
| 000 -LEADER | |
|---|---|
| fixed length control field | 00639nam a22001217a 4500 |
| 008 - FIXED-LENGTH DATA ELEMENTS--GENERAL INFORMATION | |
| fixed length control field | 110615t xxu||||| |||| 00| 0 eng d |
| 010 ## - LIBRARY OF CONGRESS CONTROL NUMBER | |
| LC control number | CACAF41 |
| 245 ## - TITLE STATEMENT | |
| Title | The Court of Appeal Crimnal Appeal No.56 of 1997 Kayanda James Vs and Uganda . |
| 260 ## - PUBLICATION, DISTRIBUTION, ETC. (IMPRINT) | |
| Date of publication, distribution, etc | 1997. |
| 500 ## - GENERAL NOTE | |
| General note | Coram: Hon. G.M. Okello, JA.<br/> Hon. S.G. Engwau ,JA.<br/> Hon. C.N.B Kitumba, JA. |
| 500 ## - GENERAL NOTE | |
| General note | Appeal against sentence imposed on the appellant by the High Court (Sebutinde, J) at Kampala on 14/ 11/97 in High Court Criminal Session Case No. 205 of 1996. |
| Withdrawn status | Lost status | Source of classification or shelving scheme | Damaged status | Koha normalized classification for sorting | Not for loan | Location (home branch) | Sublocation or collection (holding branch) | Shelving location | Date acquired | Koha issues (times borrowed) | Koha full call number | Piece designation (barcode) | Koha date last seen | Price effective from | Koha item type |
|---|---|---|---|---|---|---|---|---|---|---|---|---|---|---|---|
| Dewey Decimal Classification | CACAF_41 | Archives | Law Development Centre Main Library | Law Reports | 06/15/2011 | CACAF41 | 56/1997/1 | 06/15/2011 | 06/15/2011 | Un Reported Cases |
